Manual para una economía sostenible / (Registro nro. 5370)

Detalles MARC
000 -LEADER
fixed length control field 01179nam a2200253Ia 4500
003 - CONTROL NUMBER IDENTIFIER
control field OSt
005 - DATE AND TIME OF LATEST TRANSACTION
control field 20200617154429.0
008 - FIXED-LENGTH DATA ELEMENTS--GENERAL INFORMATION
fixed length control field 191128s2011 sp fr 000 0 spa d
020 ## - INTERNATIONAL STANDARD BOOK NUMBER
International Standard Book Number 9788483195918
040 ## - CATALOGING SOURCE
Original cataloging agency CO-JMCR
Transcribing agency CO-JMCR
041 0# - LANGUAGE CODE
Language code of text/sound track or separate title spa
082 04 - DEWEY DECIMAL CLASSIFICATION NUMBER
Classification number 330.043 /
Item number B275m
Edition number 23
100 1# - MAIN ENTRY--PERSONAL NAME
Personal name Bermejo, Roberto,
Relator term autor
9 (RLIN) 5728
245 10 - TITLE STATEMENT
Title Manual para una economía sostenible /
Statement of responsibility, etc. Roberto Bermejo
260 ## - PUBLICATION, DISTRIBUTION, ETC.
Place of publication, distribution, etc. Madrid :
Name of publisher, distributor, etc. Los libros de la catarata,
Date of publication, distribution, etc. 2011
300 ## - PHYSICAL DESCRIPTION
Extent 455 páginas ;
Dimensions 25 cm.
504 ## - BIBLIOGRAPHY, ETC. NOTE
Bibliography, etc. note Bibliografía: páginas 438-455
505 0# - FORMATTED CONTENTS NOTE
Formatted contents note Crítica del pensamiento económico -- Principios e instrumentos de sostenibilidad -- Hacia una economía solar -- Economía circular -- Consumo sostenible -- Evaluación general de la transformabilidad y de su tendencia
520 ## - SUMMARY, ETC.
Summary, etc. A pesar de que a la sociedad se le transmita constantemente el mensaje de un futuro de progreso (entendido como un creciente bienestar material por el aumento continuo de las rentas y los avances en la salud y la esperanza de vida)
650 14 - SUBJECT ADDED ENTRY--TOPICAL TERM
Topical term or geographic name entry element Economía política
9 (RLIN) 5729
650 14 - SUBJECT ADDED ENTRY--TOPICAL TERM
Topical term or geographic name entry element Desarrollo sostenible
9 (RLIN) 5730
650 14 - SUBJECT ADDED ENTRY--TOPICAL TERM
Topical term or geographic name entry element Economía circular
9 (RLIN) 5731
942 ## - ADDED ENTRY ELEMENTS (KOHA)
Source of classification or shelving scheme Dewey Decimal Classification
Koha item type Books
Existencias
Withdrawn status Lost status Source of classification or shelving scheme Damaged status Not for loan Collection code Home library Current library Date acquired Source of acquisition Cost, normal purchase price Total Checkouts Full call number Barcode Date last seen Copy number Koha item type
    Dewey Decimal Classification     Non-fiction Biblioteca Pública José María del Castillo y Rada Biblioteca Pública José María del Castillo y Rada 04/15/2018 Donación 0.00   330.043 / B275m 430001770 05/16/2024 Ej.1 Books